000
00283nam a2200109Ia 4500
008
190907s9999||||xx |||||||||||||| ||und||
100
_a
Colonel Taylor
245
0
_a
Tippoo Sultan (A Tale of the Mysore War)
260
_a
New Delhi
_b
Addison -Wesley
_c
2001
300
_a
680
942
_c
BK
999
_c
6457
_d
6457